| 000 | 00844nam a22002417a 4500 | ||
|---|---|---|---|
| 003 | SEM | ||
| 999 |
_c72127 _d72127 |
||
| 005 | 20220608074940.0 | ||
| 008 | 220120s1951 it ||||gr|||||00| 0 eng|d | ||
| 040 |
_aSEM _cSEM |
||
| 041 | _aeng | ||
| 080 | _a809.245/B-64 | ||
| 100 | _aBlake Frank R. | ||
| 245 |
_aA resurvey of hebrew tenses with an appendix hebrew influence on biblical aramaic / _cBlake Frank R. |
||
| 260 |
_aRoma : _bPontificium institutum biblicum, _c1951. |
||
| 300 |
_aXII+78 p. ; _b25 cm |
||
| 490 |
_aScripta pontificii instituti biblici _v103 |
||
| 500 | _aReeditio photomechanica (1968). | ||
| 500 | _aDedicated to professor william F. Albright archaeologist, historian, linguist on the occasiion of his sixtieth birthday. | ||
| 650 | _aHebrew | ||
| 653 | _aՍԷՄ | ||
| 830 |
_aScripta pontificii instituti biblici _s103 |
||
| 942 |
_2udc _cBK |
||